NFL QB‘S - Statistics

General Stats
  • This quiz has been taken 35 times
  • The average score is 15 of 19
Answer Stats
Team Quarter Back % Correct
Cowboys Dak Prescott
97%
Bills Josh Allen
97%
Eagles Jalen Hurts
93%
Cardinals Kyler Murray
93%
49ers Brock Purdy
90%
Bengals Joe Burrow
90%
Chiefs Patrick Mahomes
90%
Lions Jared Goff
86%
Jets Aaron Rodgers
83%
Broncos Russell Wilson
83%
Buccaneers Baker Mayfield
79%
Panthers Bryce Young
79%
Texans C.J Stroud
79%
Dolphins Tua Tagovailoa
79%
Saints Derek Carr
76%
Browns Deshaun Watson
76%
Falcons Desmond Ridder
55%
Commanders Sam Howell
52%
Rams Mathew Stafford
10%
No matching quizzes found
Score Distribution
Percent of People with Each Score
Percentile by Number Answered
Your Score History
You have not taken this quiz